Fyziologické a biochemické aspekty vzájomných vzťahov medzi rastlinou a patogénom

Bibliographic Details
Main Author: Frič, Fridrich, 1932-1995 (Author)
Format: Article
Language:Slovak
PhysicalDescription:Obr. 2., lit. 45 zázn. v angl.
Subjects:

MARC

LEADER 00000nab a2200000 a 4500
001 vtls000368736
003 SK-MaSNL
005 20260304212804.0
008 230213c1989 xo 0 slo
015 |a SNBRB19rr/mm-uuuuu 
035 |a CL0368858 
035 |a urn:nbn:sk:snk-abbjzf 
035 |a (urnnbn)urn:nbn:sk:snk:ar-0019ht 
035 |a (uuid)3787b880-a0f5-4c8d-b8d8-eb02c3a4faaa 
040 |a SNKBUCL  |b slo  |c SNKBUCL  |e AACR2 
041 0 |a slo 
044 |a xo  |c SK 
080 |a 581.19  |2 1981 
080 |a 581.169  |2 1981 
080 |a 581.13  |2 1981 
100 1 |a Frič, Fridrich,  |d 1932-1995  |4 aut  |9 358692 
245 1 0 |a Fyziologické a biochemické aspekty vzájomných vzťahov medzi rastlinou a patogénom  |c Fridrich Frič 
300 |b Obr. 2., lit. 45 zázn. v angl. 
650 0 7 |a rastliny  |2 snkbucl  |9 690 
650 0 7 |a patogén  |2 snkbucl  |9 1545096 
655 7 |a články z novín a časopisov  |2 snkbucl  |9 267496 
773 0 |t Biológia  |g Roč. 44, č. 5 (1989), s. 467-475 
850 |a Slovenská národná knižnica v Martine  |a MTA001 
852 |a SNK  |b KIS3GCP 
954 |a odborná, vedecká literatúra pôvodná (slovenská)  |2 lita 
958 |a NB 
958 |a RK 
958 |a OND 
958 |a EUIPO 
958 |a article15 
992 |a RBX 
999 |c 3132995  |d 3134925